Metafísica
Sábháilte in:
| Príomhchruthaitheoir: | |
|---|---|
| Formáid: | LEABHAR |
| Teanga: | Undetermined |
| Foilsithe / Cruthaithe: |
Lima, Perú
Universo
[s.f.]
|
| Ábhair: | |
| Clibeanna: |
Cuir clib leis
Níl clibeanna ann, Bí ar an gcéad duine le clib a chur leis an taifead seo!
|
MARC
| LEADER | 00000nam a2200000Ia 4500 | ||
|---|---|---|---|
| 008 | 170316s9999 xx 000 0 und d | ||
| 999 | |c 15560 |d 15560 | ||
| 040 | |a cru BVZT | ||
| 090 | |a 100 A-36m T.2 | ||
| 100 | |a Aristóteles | ||
| 245 | |a Metafísica | ||
| 260 | |a Lima, Perú | ||
| 260 | |b Universo | ||
| 260 | |c [s.f.] | ||
| 300 | |a 156 páginas Tomo II | ||
| 650 | |a FILOSOFÍA |9 5 | ||
| 942 | 0 | 0 | |0 2 |2 z |c 4 D |
